000 00644nam a22001937a 4500
999 _c600
_d600
003 AR-CdUCM
008 190225b ||||| |||| 00| 0 spa d
040 _aMUNICIPALIDAD PROVINCIAL DEL CUSCO
_cBIBLIOTECA MUNICIPAL DEL CUSCO
082 _a868.4 /
_bR77
100 _aJ. Heriberto Rojas C.
_92336
245 _aAntologia del Colibri /
_cJ. Heriberto Rojas C.
260 _aAzogues - Ecuador:
_bJ. Heriberto Rojas C ,
_c1975.
300 _a229 paginas.
_c21.5 cm.
650 _aPoesia Ecuatoriana.
_92337
650 _aLiteratura Latinoamericana.
_9799
700 _aJ. Heriberto Rojas C.
_92336
942 _2ddc
_cLIBROS
945 _artm
_d2019-02-25